Phytosanitaires protection des plantes biopesticides
Saved in:
| Other Authors: | , , |
|---|---|
| Format: | Book |
| Language: | French |
| Published: |
Paris :
Institut National de la Recherche Agronomique,
1991
|
| Series: | Un point sur
|
| Subjects: | |
| Tags: |
Add Tag
No Tags, Be the first to tag this record!
|
MARC
| LEADER | 00000nam a2200000 i 4500 | ||
|---|---|---|---|
| 001 | 1/7754 | ||
| 008 | 970603s1991 fre d | ||
| 020 | |a 2-7380-0353-2 | ||
| 035 | |l 10016823 | ||
| 040 | |a GR-MY-UA |b gre |e aacr | ||
| 041 | 0 | |a fre | |
| 082 | 0 | |a 632.3 | |
| 245 | 1 | 0 | |a Phytosanitaires protection des plantes biopesticides / |c Edited by P. Bye, C. Descoins, A. Deshayes |
| 260 | |a Paris : |b Institut National de la Recherche Agronomique, |c 1991 | ||
| 300 | |a 178 p. |b fig. | ||
| 490 | 1 | |a Un point sur | |
| 650 | 0 | 0 | |a Plants |x Effect of chemicals on. |
| 650 | 0 | 0 | |a Plants, Protection of. |
| 650 | 0 | 0 | |a Pesticides. |
| 650 | 0 | 0 | |a Agricultural pests |x Control. |
| 700 | 1 | |a Bye, P. |4 edt | |
| 700 | 1 | |a Descoins, C. |4 edt | |
| 700 | 1 | |a Deshayes, A. |4 edt | |
| 830 | 0 | |a Un point sur | |
| 852 | |a INST |b LESVOS |e 19970603 |h 632.3 PHY |p 005100011168 |q 005100011168 |t BK |y 0 | ||
| 909 | |a Λ |b 049359 | ||
| 922 | |a 1ΠΑΡ |b 199612 |c 70/ΓΙΟΥΡΓΑ |d LEADER | ||
| 950 | |a 070-1996-07-16 | ||
| 970 | |a ΚΑΜΑΤΣΟΥ |b ΔΕΣΠΟΙΝΑ |z 2000/01/19 | ||